The book of life /

Bibliographic Details
Main Author: Ficino, Marsilio, 1433-1499
Format: Book
Language:English
Latin
Published: Irving, Tex. : Spring Publications, 1980.
Edition:1st ed.
Subjects:

MARC

Tag First Indicator Second Indicator Subfields
LEADER 00000cam a2200000 a 4500
001 in00000090995
005 20151008063846.0
008 810815s1980 txuh b 00110 engm
010 |a  81128012  
020 |a 0882142127 (pbk.) 
035 |a (OCoLC)07773095 
035 |9 AAK3062AM 
039 0 |a 2  |b 3  |c 3  |d 3  |e 3 
040 |a DLC  |c DLC  |d TXA  |d UtOrBLW 
041 1 |a eng  |a lat 
049 |a TXAM  |c [1502213] 
050 0 0 |a BF1680  |b .F5513 
082 0 |a 615.8/99  |2 19 
100 1 |a Ficino, Marsilio,  |d 1433-1499. 
240 1 3 |a De triplici vita.  |l English 
245 1 4 |a The book of life /  |c Marsilio Ficino ; a translation by Charles Boer of Liber de vita (or De vita triplici). 
250 |a 1st ed. 
264 1 |a Irving, Tex. :  |b Spring Publications,  |c 1980. 
300 |a xix, 217 pages :  |b facsimiles ;  |c 23 cm. 
336 |a text  |b txt  |2 rdacontent 
337 |a unmediated  |b n  |2 rdamedia 
338 |a volume  |b nc  |2 rdacarrier 
500 |a Includes index. 
504 |a Bibliography: pages xix. 
650 0 |a Astrology  |v Early works to 1800. 
650 0 |a Medicine, Medieval. 
999 |a MARS 
999 f f |s 201e3262-3d9c-3a59-909d-e9f4d3afebc2  |i 4b1dd2d8-ab2b-3c35-a524-bff630859c33  |t 0 
952 f f |p normal  |a Texas A&M University  |b College Station  |c Sterling C. Evans Library  |d Evans: Library Stacks  |t 0  |e BF1680 .F5513  |h Library of Congress classification  |i unmediated -- volume  |m A14806088689 
998 f f |a BF1680 .F5513  |t 0  |l Evans: Library Stacks